Southville International School and Colleges
Your cart is empty.
  • Cart
  • Lists
    Public lists Eva Luna New books Lux_list list_1
    Your lists Log in to create your own lists
  • Log in to your account
  • Your cookies
  • Search history
Southville International School and Colleges
  • Advanced search
  • Recent comments
  • Most popular
  • Libraries

Log in to your account

Log in with GOOGLE


If you do not have an external account, but do have a local account, you can still log in:

  1. Home
  2. MARC view: Counseling techniques :
Normal view MARC view ISBD view

Counseling techniques : (Record no. 306687)

[ view plain ]
MARC details
000 -LEADER
fixed length control field 02142cam a2200325 i 4500
001 - CONTROL NUMBER
control field 18519845
003 - CONTROL NUMBER IDENTIFIER
control field LC
005 - DATE AND TIME OF LATEST TRANSACTION
control field 20170209120716.0
008 - FIXED-LENGTH DATA ELEMENTS--GENERAL INFORMATION
fixed length control field 150309s2016 nyu b 001 0 eng
010 ## - LIBRARY OF CONGRESS CONTROL NUMBER
LC control number 2015008345
020 ## - INTERNATIONAL STANDARD BOOK NUMBER
International Standard Book Number 9780415704922 (hardcover : alk. paper)
020 ## - INTERNATIONAL STANDARD BOOK NUMBER
International Standard Book Number 9780415704939 (pbk. : alk. paper)
040 ## - CATALOGING SOURCE
Original cataloging agency DLC
Language of cataloging eng
Transcribing agency DLC
Description conventions rda
Modifying agency DLC
042 ## - AUTHENTICATION CODE
Authentication code pcc
050 00 - LIBRARY OF CONGRESS CALL NUMBER
Classification number RC480
Item number .T449 2016
082 00 - DEWEY DECIMAL CLASSIFICATION NUMBER
Classification number 616.89/14
100 1# - MAIN ENTRY--PERSONAL NAME
Personal name Thompson, Rosemary,
Dates associated with a name 1950-
245 10 - TITLE STATEMENT
Title Counseling techniques :
Remainder of title improving relationships with others, ourselves, our families, and our environment /
Statement of responsibility, etc Rosemary A . Thompson.
250 ## - EDITION STATEMENT
Edition statement 3rd ed.
260 ## - PUBLICATION, DISTRIBUTION, ETC. (IMPRINT)
Place of publication, distribution, etc New York :
Name of publisher, distributor, etc Routledge,
Date of publication, distribution, etc 2016
300 ## - PHYSICAL DESCRIPTION
Extent xii, 354 pages ;
Dimensions 26 cm
500 ## - GENERAL NOTE
General note Revised edition of the author's Counseling techniques, 2003.
504 ## - BIBLIOGRAPHY, ETC. NOTE
Bibliography, etc Includes bibliographical references and index.
505 0# - FORMATTED CONTENTS NOTE
Formatted contents note Preface -- Acknowledgments -- Professionalism in counseling and psychotherapy -- Client-therapist relationships : counseling intentions, interventions, and therapeutic factors -- Eclectic techniques for group therapy -- Classic gestalt techniques -- Therapeutic expressive techniques : art therapy, dance/movement therapy, phototherapy, drama therapy, and music therapy -- Cognitive-behavioral therapy, dialectical behavior therapy, and solution focused counseling -- Rational emotive behavior therapy and reality therapy -- Classic behavioral techniques -- Person-centered techniques and psychoeducational counseling approaches -- Improving relationships with our environments : conflict resolution and stress management techniques -- Trauma, loss, grief, and post-traumatic stress debriefing strategies -- Psychodynamic techniques -- Eclectic techniques for use with family systems and family development -- Play therapy techniques for children and adolescents -- References -- Index.
650 #0 - SUBJECT ADDED ENTRY--TOPICAL TERM
Topical term or geographic name as entry element Psychotherapy.
650 #0 - SUBJECT ADDED ENTRY--TOPICAL TERM
Topical term or geographic name as entry element Counseling.
906 ## - LOCAL DATA ELEMENT F, LDF (RLIN)
a 7
b cbc
c orignew
d 1
e ecip
f 20
g y-gencatlg
942 ## - ADDED ENTRY ELEMENTS (KOHA)
Source of classification or shelving scheme Library of Congress Classification
Koha item type Books
Holdings
Withdrawn status Lost status Source of classification or shelving scheme Damaged status Home library Current library Shelving location Date acquired Source of acquisition Sub Shelving location Total Checkouts Total Renewals Full call number Barcode Date last seen Date checked out Price effective from Koha item type
    Library of Congress Classification   Luxembourg Library Luxembourg Library Teachers Reference Section 02/09/2017 Library Fund   1 5 RC 480 .T449 2016 20392 12/03/2021 01/24/2020 02/09/2017 Books

Counseling techniques :

APA

Thompson R., . (2016). Counseling techniques. New York: Routledge.

Chicago

Thompson Rosemary, . 2016. Counseling techniques. New York: Routledge.

Harvard

Thompson R., . (2016). Counseling techniques. New York: Routledge.

MLA

Thompson Rosemary, . Counseling techniques. New York: Routledge. 2016.

  • Place hold
  • Print
  • Cite
  • Add to your cart (remove)
  • Save record
    BIBTEX Dublin Core MARCXML MARC (non-Unicode/MARC-8) MARC (Unicode/UTF-8) MARC (Unicode/UTF-8, Standard) MODS (XML) RIS
  • More searches
    Search for this title in:
    Other Libraries (WorldCat) Other Databases (Google Scholar) Online Stores (Bookfinder.com) Open Library (openlibrary.org)

Exporting to Dublin Core...

SOUTHVILLE LIBRARY

Southville International School and Colleges Library

1281 Tropical Ave. Cor. Luxembourg St., BF Homes International, Las Pinas City

Tel. No. 8256374 / 252358 Loc. 117/146

Powered by Koha